000 00451ntaaa2200169 4500
003 01
005 20251027201148.0
008 0714s1973 ag 01
040 _aAR-BaBN
_bspa
_cAR-BaBN
_eaacr
_dRIC
082 _a266.009 T86s
245 _aTurning the world upside down; a century of missionary endeavor.
250 _a1 ed.
260 _aEastbourne, Sussex :
_bUpperton Press,
_c1972
300 _a663 p. ;
_c21 cm.
650 _aMisiones
942 _cBK
999 _c5892
_d5892